Südböhmen, Oberösterreich und das Dritte Reich

Titel: Südböhmen, Oberösterreich und das Dritte Reich : Der Raum Krum(m)au-Kaplitz/Český Krumlov-Kaplice als Beispiel von internem Kolonialismus
Verfasser:
In: Kontakte und Konflikte, (1993), Seite 447-468, 2 Abb.
alle Artikel anzeigen
Veröffentlicht: 1993
Format: Aufsatz
Sprache: Deutsch
Kein Bild verfügbar
X
alg: 39172781
001A    $01999:11-11-16 
001B    $01999:25-04-21 $t10:54:19.000 
001D    $01999:11-11-16 
001U    $0utf8 
001X    $00 
002@    $0Aox 
003@    $0391727818 
007A    $0391727818 $aHEB 
007T    $0Herdc0042808m 
010@    $ager 
011@    $a1993 
021A    $aSüdböhmen, Oberösterreich und das Dritte Reich $dDer Raum Krum(m)au-Kaplitz/Český Krumlov-Kaplice als Beispiel von internem Kolonialismus 
028A    $aJohn $dMichael 
031A    $h447-468, 2 Abb. $j1993 
039B    $aIn $8--Aauc--. @Kontakte und Konflikte. - Horn {[u.a.] : Waldviertler Heimatbund, 1993. - 553 S.. - Ill., graph. Darst., Kt.. - ISBN 3-900708-10-X $x199300000000000553 $9027138232 
045F    $a909 $eDDC23BSB 
045F/01 $a909 
045F/03 $g4371 

lok: 39172781 78

exp: 39172781 78 1 #EPN
201B/01 $026-11-17 $t00:51:03.000 
201U/01 $0utf8 
203@/01 $0787822558 
208@/01 $a11-11-16 $be 
209A/01 $a/ $f000 $x00 
220C/01 $aTitelaufnehmer: nk;an 
220C/01 $aHerkunft: HI Marburg 
244Z/01 $#Tschechien $#Tschechische Republik $#Tschechische Republik $#Tschechenland $#Tschechei Tschechien $#Česká Republika $#Czech Republic $#ČR $74303381-7 $8--Tg1--Tschechien $x01 $9086659812 
244Z/01 $2Trx $#Böhmen $#Bohemia $#Czechy $8--Trx--Čechy $x02 $9391188941 
244Z/01 $2Trx $#Kaplitz Krumau $8--Trx--Kaplice$gČeský Krumlov $x03 $9391349864 
244Z/01 $aGeschichte 1890-1941 $x04 
244Z/01 $2Trx $#suhted, rahvusvahelised $#santykiai, tarptautiniai $#relations, international $#kapcsolatok, nemzetközi $#stosunki międzynarodowe $#vzťahy medzinárodné $#vztahy mezinárodní $8--Trx--Beziehungen, internationale $x05 $9391372572 
244Z/01 $2Trx $#migratsioonid $#migracijos $#migrations $#migrációk $#migracje $#migrácie $#migrace $8--Trx--Migrationen $x06 $9391383477 
244Z/01 $2Trx $#industrialiseerimine $#industrializacija $#industrialization $#iparosítás $#industrializacja $#industrializácia $#industrializace $#uprzemysłowienie $8--Trx--Industrialisierung $x07 $9391363824 
244Z/01 $2Trx $8--Trx--Einzelbeiträge $x08 $9391384570 
245Z/01 $a07.07 $x01 
247C/01 $82080>Marburg/Lahn, Herder-Institut, Forschungsbibliothek, Bibliographieportal $9336309341
LEADER 00000caa a22000002c 4500
001 391727818
003 DE-603
005 20210425105419.0
007 tu
008 161111s1993 xx |||| | u00||u|ger c
035 |a (DE-599)HEB391727818 
040 |a DE-603  |b ger  |c DE-603  |d DE-603 
041 |a ger 
082 0 4 |8 1\u  |a 909  |q DE-101  |2 23/BSB 
085 |8 1\u  |b 909 
085 |8 1\u  |z 2  |s 4371 
100 1 |a John, Michael 
245 0 0 |a Südböhmen, Oberösterreich und das Dritte Reich  |b Der Raum Krum(m)au-Kaplitz/Český Krumlov-Kaplice als Beispiel von internem Kolonialismus 
264 0 |c 1993 
773 0 8 |i In  |t Kontakte und Konflikte  |d Horn ˜[u.a.] œ: Waldviertler Heimatbund, 1993  |h 553 S., Ill., graph. Darst., Kt.  |z 390070810X  |g (1993), Seite 447-468, 2 Abb.  |w (DE-603)027138232 
924 0 |9 2080  |a (DE-603)787822558  |b DE-2080  |c HES  |d d  |g /